Apuntes para la comprensión de la concepción estética en Walter Benjamin /
Se revisa la concepción estética de Walter Benjamin. Se retoman aspectos biográficos y sobre el impacto de su obra
Guardado en:
| Autor principal: | |
|---|---|
| Formato: | Texto |
| Materias: | |
| Etiquetas: |
Agregar Etiqueta
Sin Etiquetas, Sea el primero en etiquetar este registro!
|
MARC
| LEADER | 00000 a a2200000 04500 | ||
|---|---|---|---|
| 001 | 13654 | ||
| 003 | |||
| 040 | |||
| 100 | |a Martínez Herrera, Manuel | ||
| 245 | |a Apuntes para la comprensión de la concepción estética en Walter Benjamin / |c Martínez Manuel Herrera | ||
| 520 | |a Se revisa la concepción estética de Walter Benjamin. Se retoman aspectos biográficos y sobre el impacto de su obra | ||
| 650 | |a ESTETICA | ||
| 650 | |a TEORIA CRITICA | ||
| 650 | |a LITERATURA | ||
| 773 | |g volumen 82, número 1; páginas 71-78 | ||
| 999 | |c 28576 |d 28576 | ||
